Statistics for Every Olivia Rodrigo Song

Click here to take the quiz!

General Stats

  • This quiz has been taken 367 times
    (74 since last reset)
  • The average score is 25 of 33

Answer Stats

HintAnswer% Correct
3drivers license
94%
3vampire
92%
2bad idea right?
90%
2traitor
90%
1all-american bitch
85%
1brutal
85%
5deja vu
85%
13obsessed
85%
1All I Want- HSMTMTS
81%
8get him back!
81%
8happier
81%
9jealousy, jealousy
81%
17so american
81%
6good 4 u
79%
4lacy
79%
12teenage dream
79%
10the grudge
77%
41 step forward, 3 steps back
75%
5ballad of a homeschooled girl
75%
7enough for you
75%
6making the bed
75%
11pretty isn't pretty
75%
1strange
75%
11hope ur ok
73%
14scared of my guitar
73%
10favorite crime
71%
16girl i've always been
71%
7logical
69%
15stranger
67%
9love is embarassing
63%
2Can't Catch Me Now- Hunger Games
58%
2prison for life
33%
3party for one
4%

Score Distribution

Percentile by Number Answered

Percent of People with Each Score

Your Score History

You have not taken this quiz since the last reset